Music Quiz

Random Music or Italian Quiz

Il diario degli errori - Michele Bravi Quiz Stats

 Plays Quiz not verified by Sporcle

Score 0/227 Timer 13:00
0 Plays Today
Testo % Correct
Ho
100%
lasciato
100%
troppi
100%
segni
100%
Sulla
100%
pelle
100%
già
100%
strappata
100%
Non
100%
c'è
100%
niente
100%
che
100%
si
100%
insegni
100%
prima
100%
che
100%
non
100%
l'hai
100%
provata
100%
sempre
100%
un
100%
Ho
100%
nel
100%
La
100%
di
100%
un
100%
Ho
100%
sempre
100%
fatto
100%
tutto
100%
in
100%
un
100%
modo
100%
solo
100%
mio
100%
E
100%
non
100%
ho
100%
mai
100%
detto
100%
resta
100%
se
100%
potevo
100%
dire
100%
addio
100%
ho
100%
Ma
100%
non
100%
ne
100%
ho
100%
Ho
100%
sempre
100%
Almeno
100%
tu
100%
rimani
100%
fuori
100%
Dal
100%
mio
100%
diario
100%
degli
100%
errori
100%
Da
100%
tutte
100%
le
100%
mie
100%
contraddizioni
100%
Da
100%
tutti
100%
i
100%
torti
100%
e
100%
le
100%
ragioni
100%
Dalle
100%
paure
100%
che
100%
Testo % Correct
convivono
100%
con
100%
me
100%
Dalle
100%
parole
100%
di
100%
un
100%
discorso
100%
inutile
100%
Almeno
100%
tu
100%
rimani
100%
errori
100%
Ho
100%
con
100%
E
100%
Ma
100%
Mi
100%
la
100%
Ho
100%
lasciato
100%
La
100%
mia
100%
impronta
100%
sopra
100%
un
100%
letto
100%
Senza
100%
Di
100%
cosa
100%
prima
100%
avevo
100%
detto
100%
Ho
100%
di
100%
un
100%
mattino
100%
senza
100%
alba
100%
Senza
100%
avere
100%
un
100%
punto
100%
fisso
100%
O
100%
qualcuno
100%
che
100%
salva
100%
almeno
100%
tu
100%
rimani
100%
fuori
100%
Dal
100%
mio
100%
diario
100%
degli
100%
errori
100%
degli
100%
fuori
100%
diario
100%
mio
100%
Dal
100%
Ma
100%
Da
100%
tutte
100%
le
100%
mie
100%
contraddizioni
100%
Da
100%
tutte
100%
le
100%
mie
100%
Dalle
100%
paure
100%
che
100%
convivono
100%
Testo % Correct
con
100%
me
100%
Dalle
100%
parole
100%
di
100%
un
100%
discorso
100%
inutile
100%
Almeno
100%
tu
100%
rimani
100%
fuori
100%
Dal
100%
mio
100%
diario
100%
degli
100%
errori
100%
Almeno
100%
tu
100%
Almeno
100%
tu
100%
Almeno
100%
tu
100%
rimani
100%
fuori
100%
Dal
100%
mio
100%
diario
100%
degli
100%
errori
100%
Sono
75%
andato
75%
dritto
75%
come
75%
treno
75%
cercato
75%
conflitto
75%
parvenza
75%
sentiero
75%
Poche
75%
volte
75%
dato
75%
ascolto
75%
a
75%
chi
75%
dovevo
75%
dare
75%
retta
75%
tenuto
75%
conto
75%
avuto
75%
troppa
75%
fretta
75%
giocato
75%
il
75%
fuoco
75%
qualcuna
75%
l'ho
75%
anche
75%
vinta
75%
ci
75%
è
75%
mancato
75%
poco
75%
giocassi
75%
anche
75%
vita
75%
troppe
75%
volte
75%
troppo
75%
guardato
75%
ti
75%
imperfezioni
75%
preoccuparmi
50%
nell'abisso
50%

You're not logged in!

Compare scores with friends on all Sporcle quizzes.
OR
Log In

Show Comments

Extras

Top Quizzes Today


Score Distribution

Your Account Isn't Verified!

In order to create a playlist on Sporcle, you need to verify the email address you used during registration. Go to your Sporcle Settings to finish the process.

Report this User

Report this user for behavior that violates our Community Guidelines.

Details: